Insultes les plus données au volant - Statistiques

Statistiques générales
  • Ce quiz a été pris 1 308 fois
  • Le résultat moyen est 5 sur 10
Statistiques - réponses
Hint Réponse % Correct
2 Con / Conne
99%
1 Connard / Connasse
92%
7 Fils de pute
85%
4 Enculé
81%
6 Salaud / Salope
76%
8 Bâtard
45%
3 Abruti
23%
10 Pédé
22%
5 Bouffon
15%
9 Tocard
11%
Aucun quiz correspondant
Distribution des résultats
% des personnes avec chaque résultat
Percentile par nombre de réponses
Votre historique - résultats
Vous n’avez pas pris ce quiz